|
|
|
|
| LEADER |
01328cam a2200325 a 4500 |
| 001 |
c000293433 |
| 003 |
CARM |
| 005 |
20090818142942.0 |
| 008 |
791031s1955 nyua b 000 0 eng d |
| 010 |
|
|
|a 55013665
|
| 015 |
|
|
|a GB55-17226
|
| 019 |
1 |
|
|a 1466319
|z 42775545
|5 LACONCORD2021
|
| 035 |
|
|
|a (OCoLC)557330
|5 LACONCORD2021
|
| 040 |
|
|
|a 0002
|b eng
|c 0002
|d ABN-SNR
|d VCAV
|
| 042 |
|
|
|a premarc
|
| 050 |
0 |
0 |
|a QC721
|b .H82 1955
|
| 082 |
0 |
4 |
|a 539.72
|
| 100 |
1 |
|
|a Hughes, Donald James,
|d 1915-
|
| 245 |
1 |
0 |
|a Neutron cross sections /
|c Donald J. Hughes and John A. Harvey.
|
| 260 |
|
|
|a New York :
|b McGraw-Hill,
|c 1955.
|
| 300 |
|
|
|a 328 p. :
|b diagrs., tables. ;
|c 28 x 41 cm.
|
| 490 |
0 |
|
|a Selected reference material on atomic energy
|
| 500 |
|
|
|a "Actually constitutes the second edition of AECU--2040, which was published in May 1962 ... Prepared at Brookhaven National Laboratory under the auspices of the Atomic Energy Commission."
|
| 504 |
|
|
|a Includes bibliographies.
|
| 650 |
|
0 |
|a Neutrons.
|
| 650 |
|
0 |
|a Nuclear physics
|v Tables.
|
| 700 |
1 |
|
|a Harvey, John A,
|e joint author.
|
| 852 |
8 |
|
|b CARM
|h A2:AF05H0
|i E02099
|p 0531567
|f BK
|
| 999 |
f |
f |
|i 9c77700a-3043-5137-bd26-a6f5307c7f5b
|s 97d42b58-2b99-50b9-989d-0d78ac724d41
|
| 952 |
f |
f |
|p Can circulate
|a CAVAL
|b CAVAL
|c CAVAL
|d CARM 1 Store
|e E02099
|f A2:AF05H0
|h Other scheme
|i book
|m 0531567
|